000 01157nam a2200229 u 4500
001 000146262
003 AM-YEHGA
005 20250617123013.0
008 030329s1985 ru |||||||||||||||||rus d
040 _aAM-YeHGA
041 0 _arus
245 0 0 _aПетролого-геохимические черты глубинной эволюции вещества кимберлитовой и базитовой магматических систем /
_cК.Н. Никишов, В.В. Ковальский, А.Ф. Сафронов и др. ; Редкол.: В.В. Ковальский (отв. ред.) и др. ; АН СССР. СО. Якут. фил. Ин-т геологии.
260 _aЯкутск :
_bИзд-во АН СССР. Сиб. отд-ние. Якут. фил,
_c1985.
300 _a200 с. ;
_c20 см.
500 _aАвт. указаны в огл.
650 1 4 _aГорные породы изверженные
700 1 _aНикишов, К.Н.
700 1 _aКовальский, Виталий Владимирович
_eавт.
_4aut
_eред.
_4edt
700 1 _aСафронов, А.Ф.
942 _2udc
_cBK
090 _c50200
999 _c49432
_d49432